Our Natural Resources Our Responsibilities (Record no. 220905)
[ view plain ]
| 000 -LEADER | |
|---|---|
| fixed length control field | 00816nam a22002537a 4500 |
| 005 - DATE AND TIME OF LATEST TRANSACTION | |
| control field | 20211209100901.0 |
| 008 - FIXED-LENGTH DATA ELEMENTS--GENERAL INFORMATION | |
| fixed length control field | 211209b ||||| |||| 00| 0 eng d |
| 040 ## - CATALOGING SOURCE | |
| Transcribing agency | AL |
| 041 ## - LANGUAGE CODE | |
| Language code of text/sound track or separate title | eng |
| 082 ## - DEWEY DECIMAL CLASSIFICATION NUMBER | |
| Edition number | 23 |
| Classification number | 333.7 |
| Item number | CHAO |
| 100 ## - MAIN ENTRY--PERSONAL NAME | |
| Personal name | Pawan Chamling |
| 100 ## - MAIN ENTRY--PERSONAL NAME | |
| 9 (RLIN) | 11386 |
| 245 ## - TITLE STATEMENT | |
| Title | Our Natural Resources Our Responsibilities |
| 260 ## - PUBLICATION, DISTRIBUTION, ETC. | |
| Place of publication, distribution, etc. | Ghangtok: |
| Name of publisher, distributor, etc. | Information and Public Relations Department, |
| Date of publication, distribution, etc. | 2003. |
| 300 ## - PHYSICAL DESCRIPTION | |
| Extent | xiv,192 p. |
| Other physical details | HB |
| Dimensions | 24x18 cm. |
| 650 ## - SUBJECT ADDED ENTRY--TOPICAL TERM | |
| Topical term or geographic name entry element | Economics of Land and Energy |
| 9 (RLIN) | 11387 |
| 650 ## - SUBJECT ADDED ENTRY--TOPICAL TERM | |
| Topical term or geographic name entry element | State Policy on Forest |
| 9 (RLIN) | 11388 |
| 650 ## - SUBJECT ADDED ENTRY--TOPICAL TERM | |
| Topical term or geographic name entry element | Medicinal Plants |
| 9 (RLIN) | 11389 |
| 650 ## - SUBJECT ADDED ENTRY--TOPICAL TERM | |
| Topical term or geographic name entry element | Green Roads |
| 9 (RLIN) | 11390 |
| 650 ## - SUBJECT ADDED ENTRY--TOPICAL TERM | |
| Topical term or geographic name entry element | Environment and Wildlife |
| 9 (RLIN) | 11391 |
| 650 ## - SUBJECT ADDED ENTRY--TOPICAL TERM | |
| Topical term or geographic name entry element | Biodiversity |
| 9 (RLIN) | 11392 |
| 700 ## - ADDED ENTRY--PERSONAL NAME | |
| Personal name | CHAMLING (Pawan) |
| 9 (RLIN) | 11393 |
| 710 ## - ADDED ENTRY--CORPORATE NAME | |
| Corporate name or jurisdiction name as entry element | Information and Public Relations Department |
| 9 (RLIN) | 11394 |
| 942 ## - ADDED ENTRY ELEMENTS (KOHA) | |
| Source of classification or shelving scheme | Dewey Decimal Classification |
| Koha item type | George Fernandes Collections |
| Withdrawn status | Lost status | Source of classification or shelving scheme | Damaged status | Not for loan | Collection code | Home library | Current library | Date acquired | Total Checkouts | Full call number | Barcode | Date last seen | Price effective from | Koha item type |
|---|---|---|---|---|---|---|---|---|---|---|---|---|---|---|
| Dewey Decimal Classification | Economics | St Aloysius Library | St Aloysius Library | 03/24/2013 | 333.7 CHAO | GF03637 | 12/09/2021 | 12/09/2021 | George Fernandes Collections |